Keyguide to information sources in Food Science and Technology / (Record no. 76125)

MARC details
000 -LEADER
campo de control de longitud fija 00472nam a2200169 i 4500
001 - NÚMERO DE CONTROL
campo de control 76125
003 - IDENTIFICADOR DE NÚMERO DE CONTROL
campo de control ES-MaACL
007 - CAMPO FIJO DE DESCRIPCIÓN FÍSICA--INFORMACIÓN GENERAL
campo de control de longitud fija t|
008 - DATOS DE LONGITUD FIJA--INFORMACIÓN GENERAL
campo de control de longitud fija 040929s1985 xxk ||||1| eng d
020 ## - NÚMERO INTERNACIONAL ESTÁNDAR DEL LIBRO
Número Internacional Estándar del Libro 0-7201-1748-8
100 1# - ENTRADA PRINCIPAL--NOMBRE DE PERSONA
Nombre de persona Green, Syd.
9 (RLIN) 59849
245 10 - MENCIÓN DEL TÍTULO
Título Keyguide to information sources in Food Science and Technology /
Mención de responsabilidad, etc. Syd Green.
260 ## - PUBLICACIÓN, DISTRIBUCIÓN, ETC.
Lugar de publicación, distribución, etc. London :
Nombre del editor, distribuidor, etc. Mansell,
Fecha de publicación, distribución, etc. 1985.
300 ## - DESCRIPCIÓN FÍSICA
Extensión VIII, 231 p. ;
Dimensiones 24 cm.
500 ## - NOTA GENERAL
Nota general Indice.
852 ## - LOCALIZACIÓN
Ubicación ES-MaACL
Número de control de estantería L-9219
Sublocalización o colección R.110933
Holdings
Estatus retirado Estado de pérdida Estado de daño No para préstamo Biblioteca de origen Biblioteca actual Ubicación en estantería Fecha de adquisición Fuente de adquisición Total de préstamos Signatura topográfica completa Código de barras Visto por última vez Precio de reemplazo Tipo de ítem Koha
        Biblioteca del Ateneo de Madrid Biblioteca del Ateneo de Madrid Depósito 2 17/01/2008     L-9219 1079669 23/02/2023 23/02/2023 Libro impreso